Flora silvestre de Chile: zona central. Una guía para la identificación de las especies vegetales más frecuentes

保存先:
書誌詳細
第一著者: Hoffmann J., Adriana E (著者)
フォーマット: 図書
言語:スペイン語
出版事項: Santiago Ediciones Fundación Claudio Gay 2012
版:5a. ed
主題:
タグ: タグ追加
タグなし, このレコードへの初めてのタグを付けませんか!

MARC

LEADER 00000cam a2200000 a 4500
001 UCD5240
003 CL-VaPUC
008 160819e20120000cl |||||||||||||||||spa|d
020 |a 9567743037 
082 0 4 |a 582.13  |b HOF  |2 21 
100 |a Hoffmann J., Adriana E  |e author  |9 598071 
245 1 0 |a Flora silvestre de Chile: zona central. Una guía para la identificación de las especies vegetales más frecuentes 
250 |a 5a. ed 
300 |a 254 p 
942 |c BK 
945 |d 20160819 12:52:00  |a dcastane 
260 |a Santiago  |b Ediciones Fundación Claudio Gay  |c 2012 
650 7 |a FLORA SILVESTRE  |2 CL-VaPUC  |9 433141 
650 0 |a Flora nativa chilena  |9 531171 
650 7 |a PLANTAS SILVESTRES  |2 CL-VaPUC  |9 347474 
650 7 |a PASTOS  |2 CL-VaPUC  |9 264233 
583 |a last modification  |c 20160819 12:52:00  |k Rodrigo Vera 
999 |c 365966  |d 365964 
952 |0 0  |1 0  |3 erb  |4 0  |6 582_130000000000000_HOF_2012  |7 0  |8 R  |9 479956  |a BIBARQ  |b BIBARQ  |i 5338484  |l 7  |o 582.13 HOF 2012  |p 5338484  |r 2025-01-20  |s 2024-10-11  |w 2019-11-24  |y BK_R  |z Catalogado en:20160819  |k ARQ 
952 |0 0  |1 0  |3 erb  |4 0  |6 582_130000000000000_HOF_2012  |7 0  |8 A  |9 479957  |a BIBING  |b BIBING  |i 547700K  |l 6  |m 4  |o 582.13 HOF 2012  |p 547700K  |q 2025-05-12  |r 2025-04-21  |s 2025-04-21  |w 2019-11-24  |y BK  |z Catalogado en:20180622  |k GEO